| 000 | 00645 a2200169 4500 | ||
|---|---|---|---|
| 020 | _a8185617643 | ||
| 040 |
_aDLC _bDLC |
||
| 082 | _a808.06665 | ||
| 100 | _aBaugh, L. Sue. | ||
| 245 |
_aHow to write first-class business correspondence : the handbook for business writing _cL. Sue Baugh, Maridell Fryar and David A. Thomas |
||
| 260 |
_aNew Dlhi : _bViva Books Pvt. Ltd., _c2005. |
||
| 300 |
_aix, 302 p. : _bill. ; _c23 cm. |
||
| 500 | _aIncludes Index. | ||
| 650 | _a1.Commercial correspondence. 2.Business writing.3.English language --Business English. | ||
| 700 | _a1.Fryar, Maridell. 2.Thomas, David Allen. | ||
| 942 |
_cBK _k808.06665 BAU _2ddc |
||
| 999 |
_c4897 _d4897 |
||